Państwa według obrazu satelitarnego #3 - Statystyki

Ogólne statystyki
  • Ten quiz został rozwiązany 8 232 razy
  • Średni wynik to 11 z 16
Statystyki odpowiedzi
Obrazkowy Odpowiedź % Poprawnych
Stany Zjednoczone
98%
Turcja
94%
Filipiny
91%
Nowa Zelandia
91%
Irlandia
90%
Somalia
85%
Monako
78%
Chorwacja
77%
Katar
74%
Kazachstan
65%
Haiti
64%
Jamajka
55%
Kolumbia
51%
Pakistan
43%
Urugwaj
32%
Dżibuti
22%
Nie znaleziono quizów pasujących do podanych kryteriów
Rozkład punktacji
Procent ludzi z każdym wynikiem
Percentyl według liczby udzielonych odpowiedzi
Twoja historia wyników
Nie rozwiązałeś tego quizu